00978cam a22002651 4500001001300000003000400013005001700017007001500034008004100049010001700090035001900107040004400126042001200170050001700182100003100199245011900230260004300349300005600392490004200448500005600490530006900546650002900615856005100644999001700695f 13000048 DLC20260227111248.0cr_|||||||||||771117s1913 wauafd f000 0beng c af 13000048  a(OCoLC)3425785 aU. S. Bureau of fish. LibrarycNhDdDLC apremarc00aSH365.A4bM71 aMoore, Henry Frank,d1867-10aCondition and extent of the natural oyster beds and barren bottoms of Mississippi sound, Alabama.cBy H. F. Moore. aWashington,bGovt. print. off.,c1913. a1 p. l., 61 p.billus., v pl., fold. chart.c25 cm.0 a[U. S.] Bureau of fisheries. Doc. 769 aAt head of title: Department of commerce and labor. aAlso available in digital form on the Internet Archive Web site. 0aOyster culturezAlabama.41uhttp://hdl.loc.gov/loc.gdc/scd0001.00028966817 c23204d23204